| 000 | 00577nam a2200181 a 4500 | ||
|---|---|---|---|
| 001 | 000031581 | ||
| 005 | 20200930063030.0 | ||
| 008 | 110627s20uu dr 000 0 spa d | ||
| 040 |
_aDO-SdBNP _bspa _cBNPHU |
||
| 082 |
_axxxx _bO13c |
||
| 100 | 1 |
_aEl obrero _957919 |
|
| 245 | 1 | 0 |
_aCelda 11 : _bel penal / _cel obrero. |
| 246 | 1 | 4 |
_aCuando lo inflexible se dobla : _bcárcel de Victoria |
| 260 |
_c[Santo Domingo _as.n., _c20uu?]. |
||
| 300 |
_a39 p. ; _c21 cm. |
||
| 500 | _aEste relato se basa en hechos sucedidos po el año 1971, en el Penal de la Victoria. | ||
| 049 | _aBNPD | ||
| 999 |
_c31073 _d31073 |
||